| 000 | 00744nam a2200229 a 4500 | ||
|---|---|---|---|
| 005 | 20140412111319.0 | ||
| 008 | 000821s19uu xx 00 eng d | ||
| 020 | _a0-316-23653-5 | ||
| 050 |
_aTR(PS E _bGo 1992 |
||
| 100 | _aEmberly, Ed | ||
| 245 |
_aGo away, big green monster! / _cby Ed Emberley. |
||
| 250 | _a1st Ed. | ||
| 260 |
_aBoston : _bLittle Brown and Company, _c1992. |
||
| 300 | _a1 v. (unp.) ; ill. | ||
| 520 | _aDie-cut pages through which bits of a monster are revealed are designed to help a child nightime fears of monsters. | ||
| 650 | _aToy and movable books-Specimen | ||
| 650 | _aMonsters-Fiction | ||
| 650 | _aFear-Fiction | ||
| 650 | _aBedtime-Fiction | ||
| 650 | _aToy and movable books | ||
| 999 |
_c104315 _d104315 |
||